000 00696nas a2200253 4500
001 BR9604659
003 BR-BrBNA
005 20231205094858.0
007 ta
008 230509b bl.|||p| |||| 00| 00por d
040 _aBR-BrBNA
_bpor
_cBiblioteca Nacional de Agricultura
041 _a(Pt)
072 _aL02
100 1 _aAlvim, M.J.
100 1 _aBotrel, M. de A.
100 1 _aXavier, D.F.
245 1 _aEstabelecimento e manejo da alfafa
650 _aGado Leiteiro
650 _aAlfafa
650 _aNutricao Animal
773 0 _tProdutor de Leite (Brazil)
_x
_g(Mar-Apr 1996), v. 25(155) p. 22-25
_wBR9604659
909 _a202311
_bLúcia
_c55
_dLúcia Elande
942 _2AGRIS
_n0
_cANA
999 _c147519
_d147519